Central Library OPAC University of Rajshahi

Learning the law / (Record no. 3597)

MARC details
000 -LEADER
fixed length control field 00636nam a2200217 a 4500
001 - CONTROL NUMBER
control field 3597
003 - CONTROL NUMBER IDENTIFIER
rucl marc code BD-RjUL
005 - DATE AND TIME OF LATEST TRANSACTION
control field 20211208233745.0
008 - FIXED-LENGTH DATA ELEMENTS--GENERAL INFORMATION
fixed length control field 131219s1960 uk 001 0 eng d
035 ## - SYSTEM CONTROL NUMBER
System control number (BD-RjUL)3631
040 ## - CATALOGING SOURCE
Original cataloging agency QUT
Language of cataloging eng
Transcribing agency QUT
Modifying agency VSC
-- BD-RjUL
041 ## - LANGUAGE CODE
Language code of text/sound track or separate title eng
082 04 - DEWEY DECIMAL CLASSIFICATION NUMBER
Edition number 23
Classification number 340.07
Author mark and year WIL 1962
100 1# - MAIN ENTRY--PERSONAL NAME
Personal name Williams, Glanville Llewelyn,
Dates associated with a name 1911-
9 (RLIN) 11391
245 10 - TITLE STATEMENT
Title Learning the law /
Statement of responsibility, etc. by Glanville Williams.
250 ## - EDITION STATEMENT
Edition statement 6th ed.
260 ## - PUBLICATION, DISTRIBUTION, ETC. (IMPRINT)
Place of publication, distribution, etc. London :
Name of publisher, distributor, etc. Stevens,
Date of publication, distribution, etc. c1957 [Impression 1960, 1962]
300 ## - PHYSICAL DESCRIPTION
Pagination ix, 218 p. ;
Size 21 cm.
650 #0 - SUBJECT ADDED ENTRY--TOPICAL TERM
Topical term or geographic name as entry element Law
General subdivision Study and teaching
Geographic subdivision Great Britain.
9 (RLIN) 11392
942 ## - ADDED ENTRY ELEMENTS (KOHA)
Source of classification or shelving scheme Dewey Decimal Classification
Koha item type Books
Holdings
Lost status Source of classification or shelving scheme Damaged status Not for loan Collection code Permanent Location Current Location Shelving location Date acquired Source of acquisition Cost, normal purchase price Total Checkouts Full call number Date last seen Copy number Koha item type
  Dewey Decimal Classification     Non-fiction Central Library, University of Rajshahi Central Library, University of Rajshahi   21/12/1963 Zitlinger 15.00   340.07 WIL 1960 19/12/2013 C-3 Books
  Dewey Decimal Classification     Non-fiction Central Library, University of Rajshahi Central Library, University of Rajshahi   21/12/1963 Zeithinger 15.00   340.07 WIL 1960 26/07/2016 C-4 Books
  Dewey Decimal Classification     Non-fiction Central Library, University of Rajshahi Central Library, University of Rajshahi   21/12/1963 Zeithinger 15.00   340.07 WIL 1962 26/07/2016 C-5 Books